[Event "Schach Nienberge 2 - SC Steinfurt 1"]
[Site "Verbandsliga 2017/2018"]
[Date "2017.09.09"]
[Round "1.2"]
[White "Melkert, Tim"]
[Black "Freitag, Julia"]
[Result "1/2-1/2"]
[WhiteElo "1918"]
[BlackElo "2084"]
[PlyCount "113"]
[EventDate "2017.??.??"]
[SourceTitle "Verband Muensterland"]
[SourceDate "2017.09.16"]
[SourceVersion "1"]
[SourceVersionDate "2017.09.16"]
[SourceQuality "1"]

1. e4 e6 2. d4 d5 3. Nc3 dxe4 4. Nxe4 Be7 5. Nf3 Nf6 6. Nxf6+ Bxf6 7. Bd3 Nc6
8. c3 b6 9. O-O Bb7 10. Re1 O-O 11. Bf4 Rc8 12. Bc2 Qd5 13. Be4 Qh5 14. Ne5
Qxd1 15. Raxd1 Bxe5 16. dxe5 Rfd8 17. Bg5 Rxd1 18. Rxd1 Na5 19. Bxb7 Nxb7 20.
b4 Kf8 21. f3 h6 22. Bh4 g5 23. Bf2 Ke7 24. h4 c5 25. b5 Na5 26. hxg5 hxg5 27.
f4 Nc4 28. a4 Nb2 29. Ra1 gxf4 30. a5 Nc4 31. axb6 axb6 32. Bh4+ Kd7 33. Ra7+
Ke8 34. Bf6 Ne3 35. Re7+ Kf8 36. Rb7 Nd5 37. c4 Ne3 38. Rxb6 Nxc4 39. Rb7 Ne3
40. Be7+ Kg7 41. Bd6 c4 42. Rb6 c3 43. Rc6 Rxc6 44. bxc6 c2 45. Ba3 Nd5 46. Kf2
f6 47. exf6+ Kxf6 48. Ke2 e5 49. Kd2 Ke6 50. Kxc2 Ne3+ 51. Kd3 Nxg2 52. Ke4 Ne3
53. c7 Kd7 54. Bb2 Nc4 55. Bxe5 Nxe5 56. Kxf4 Kxc7 57. Kxe5 1/2-1/2

[Event "Schach Nienberge 2 - SC Steinfurt 1"]
[Site "Verbandsliga 2017/2018"]
[Date "2017.09.09"]
[Round "1.4"]
[White "Wetterau, Georg"]
[Black "Arning, Marcus"]
[Result "1-0"]
[WhiteElo "1804"]
[BlackElo "1893"]
[PlyCount "79"]
[EventDate "2017.??.??"]
[SourceTitle "Verband Muensterland"]
[SourceDate "2017.09.16"]
[SourceVersion "1"]
[SourceVersionDate "2017.09.16"]
[SourceQuality "1"]

1. e4 e5 2. Nc3 Nc6 3. g3 Bc5 4. Bg2 d6 5. d3 Be6 6. Na4 Qd7 7. Nxc5 dxc5 8.
Be3 b6 9. h3 Nge7 10. Ne2 O-O-O 11. a3 c4 12. Nc1 f5 13. f3 Rhf8 14. Qd2 Qe8
15. O-O fxe4 16. fxe4 Rxf1+ 17. Bxf1 Nd4 18. Bxd4 exd4 19. dxc4 Qc6 20. Bg2
Bxc4 21. Nd3 Bxd3 22. Qxd3 Qc5 23. Kh2 Kb8 24. Rf1 Qe5 25. Rf7 Ng6 26. Rf5 Qe6
27. e5 c6 28. Qe4 Kc7 29. Rh5 h6 30. h4 Rd5 31. Bh3 Qe8 32. Qg4 Nxe5 33. Qxg7+
Kb8 34. Bg2 Rc5 35. Rxh6 Nf7 36. Rf6 Rxc2 37. Rxf7 Rxg2+ 38. Kxg2 Qe2+ 39. Rf2
Qe4+ 40. Kh2 1-0

[Event "Schach Nienberge 2 - SC Steinfurt 1"]
[Site "Verbandsliga 2017/2018"]
[Date "2017.09.09"]
[Round "1.5"]
[White "Wild, Helmut"]
[Black "Schipke, Thorsten"]
[Result "1-0"]
[WhiteElo "1887"]
[BlackElo "1838"]
[PlyCount "97"]
[EventDate "2017.??.??"]
[SourceTitle "Verband Muensterland"]
[SourceDate "2017.09.16"]
[SourceVersion "1"]
[SourceVersionDate "2017.09.16"]
[SourceQuality "1"]

1. c4 e5 2. Nc3 Nc6 3. g3 f5 4. d3 Bb4 5. Bd2 Bxc3 6. Bxc3 Nf6 7. Bg2 O-O 8. e3
Qe8 9. Ne2 d6 10. O-O Ng4 11. b4 Qh5 12. h3 Nf6 13. b5 Ne7 14. f4 exf4 15. Nxf4
Qf7 16. Qb3 g5 17. Bxf6 Qxf6 18. c5+ Kh8 19. Nd5 Nxd5 20. Qxd5 Be6 21. Qd4 dxc5
22. Qxc5 b6 23. Qxc7 Rf7 24. Qc2 Rc8 25. Qf2 Qe5 26. Rab1 Rc3 27. Rfd1 Rd7 28.
d4 Qxe3 29. d5 Bf7 30. d6 Qe5 31. Qd4 Qxd4+ 32. Rxd4 Rxg3 33. Kh2 Re3 34. Rb2
f4 35. Bc6 Rd8 36. d7 Be6 37. Rbd2 Rxh3+ 38. Kg2 Re3 39. Ra4 f3+ 40. Kf2 Re2+
41. Rxe2 fxe2 42. Rxa7 Bg4 43. Ke1 Kg8 44. a4 Rf8 45. Kd2 h5 46. a5 bxa5 47. b6
Rb8 48. b7 Bxd7 49. Bxd7 1-0

[Event "Schach Nienberge 2 - SC Steinfurt 1"]
[Site "Verbandsliga 2017/2018"]
[Date "2017.09.09"]
[Round "1.6"]
[White "Kluczka, Konrad"]
[Black "Janning, Rainer"]
[Result "0-1"]
[WhiteElo "1787"]
[BlackElo "1901"]
[PlyCount "72"]
[EventDate "2017.??.??"]
[SourceTitle "Verband Muensterland"]
[SourceDate "2017.09.16"]
[SourceVersion "1"]
[SourceVersionDate "2017.09.16"]
[SourceQuality "1"]

1. e4 c6 2. f4 d5 3. Nf3 e6 4. e5 g6 5. d4 c5 6. Bb5+ Bd7 7. Bxd7+ Qxd7 8. c3
Nc6 9. Be3 cxd4 10. Nxd4 Nge7 11. Na3 Nxd4 12. Bxd4 Nf5 13. Nc2 Qb5 14. a4 Qc6
15. g4 Nxd4 16. Nxd4 Qb6 17. Qe2 a6 18. a5 Qc7 19. f5 Qd7 20. Rf1 Bc5 21. fxe6
fxe6 22. Rf6 Bxd4 23. cxd4 O-O-O 24. O-O-O Kb8 25. Kb1 Rhe8 26. Rc1 Rc8 27.
Rcf1 Re7 28. Qd2 Qb5 29. Rc1 Rxc1+ 30. Qxc1 Qxa5 31. Rf8+ Ka7 32. Qc8 Qb4 33.
Rd8 Rf7 34. Qa8+ Kb6 35. Rd6+ Ka5 36. Qd8+ b6 0-1

[Event "Schach Nienberge 2 - SC Steinfurt 1"]
[Site "Verbandsliga 2017/2018"]
[Date "2017.09.09"]
[Round "1.7"]
[White "Raue, Thorsten"]
[Black "Scharlow, Siegmar"]
[Result "1/2-1/2"]
[WhiteElo "1834"]
[BlackElo "1691"]
[PlyCount "30"]
[EventDate "2017.??.??"]
[SourceTitle "Verband Muensterland"]
[SourceDate "2017.09.16"]
[SourceVersion "1"]
[SourceVersionDate "2017.09.16"]
[SourceQuality "1"]

1. b4 e5 2. Bb2 Bxb4 3. Bxe5 Nf6 4. e3 Nc6 5. Bb2 d5 6. c4 d4 7. exd4 Nxd4 8.
Ne2 Nc6 9. Ng3 Bg4 10. Be2 Be6 11. O-O Bc5 12. Nc3 O-O 13. Nce4 Nxe4 14. Nxe4
Bd4 15. Bxd4 Qxd4 1/2-1/2

[Event "Schach Nienberge 2 - SC Steinfurt 1"]
[Site "Verbandsliga 2017/2018"]
[Date "2017.09.09"]
[Round "1.8"]
[White "Jörgensmann, Rolf"]
[Black "Yust, Evgeniy"]
[Result "0-1"]
[WhiteElo "1639"]
[BlackElo "1877"]
[PlyCount "92"]
[EventDate "2017.??.??"]
[SourceTitle "Verband Muensterland"]
[SourceDate "2017.09.16"]
[SourceVersion "1"]
[SourceVersionDate "2017.09.16"]
[SourceQuality "1"]

1. e4 g6 2. d4 d6 3. Nf3 Bg7 4. Be2 Nc6 5. Nc3 e5 6. dxe5 Nxe5 7. Nxe5 Bxe5 8.
O-O Bg7 9. Bf4 Ne7 10. Bg3 O-O 11. f4 f5 12. Bc4+ Kh8 13. e5 dxe5 14. Qxd8 Rxd8
15. fxe5 g5 16. Rad1 Rf8 17. e6 f4 18. Bf2 b6 19. Bd4 Bxd4+ 20. Rxd4 Nf5 21.
Re4 Bb7 22. Nd5 Nd6 23. e7 Nxe4 24. exf8=Q+ Rxf8 25. Rd1 Rd8 26. Nc3 Nd6 27.
Bb3 Re8 28. Kf2 Kg7 29. Bd5 Ba6 30. Re1 Rxe1 31. Kxe1 Nf5 32. Nd1 h5 33. Be4
Nd6 34. Bc6 Kf6 35. Nc3 Bc4 36. b3 Be6 37. a4 a5 38. Kf2 Ke5 39. Ke2 Bf5 40.
Kd2 g4 41. Nb5 Nxb5 42. axb5 g3 43. hxg3 fxg3 44. Be8 h4 45. c3 h3 46. gxh3 g2
0-1

[Event "SF Telgte 1 - SC Rochade Emsdetten 2"]
[Site "Verbandsliga 2017/2018"]
[Date "2017.09.09"]
[Round "1.1"]
[White "Böhlich, Daniel"]
[Black "Hackl-Sommer, René"]
[Result "1/2-1/2"]
[WhiteElo "2003"]
[BlackElo "1984"]
[PlyCount "81"]
[EventDate "2017.??.??"]
[SourceTitle "Verband Muensterland"]
[SourceDate "2017.09.16"]
[SourceVersion "1"]
[SourceVersionDate "2017.09.16"]
[SourceQuality "1"]

1. d4 e6 2. c4 f5 3. Nf3 c6 4. g3 d5 5. Bg2 Bd6 6. O-O Nf6 7. Qc2 O-O 8. Nc3
Bd7 9. Rb1 a5 10. a3 Na6 11. c5 Bb8 12. b4 axb4 13. axb4 Nc7 14. Bf4 Nb5 15.
Nxb5 Bxf4 16. gxf4 cxb5 17. Ne5 Qc7 18. Ra1 Rfc8 19. Qb2 Bc6 20. Rxa8 Rxa8 21.
Ra1 Qd8 22. e3 Nd7 23. Nd3 Kf7 24. Bf3 Ra6 25. Rxa6 bxa6 26. Qd2 Ke7 27. Kf1
Nb8 28. Ke2 Bb7 29. Ne5 Nc6 30. Qe1 Kf8 31. Nxc6 Bxc6 32. Qa1 Qc8 33. Qa5 Ke7
34. Kd3 Bb7 35. Bh5 Qd8 36. Qa1 Qc7 37. Bf3 Kf8 38. Qd1 Bc6 39. Bg2 Kf7 40. f3
Qe7 41. Qa1 1/2-1/2

[Event "SF Telgte 1 - SC Rochade Emsdetten 2"]
[Site "Verbandsliga 2017/2018"]
[Date "2017.09.09"]
[Round "1.2"]
[White "Junker, Axel"]
[Black "Ortmeier, Leonhard"]
[Result "1-0"]
[WhiteElo "1881"]
[BlackElo "2001"]
[PlyCount "165"]
[EventDate "2017.??.??"]
[SourceTitle "Verband Muensterland"]
[SourceDate "2017.09.16"]
[SourceVersion "1"]
[SourceVersionDate "2017.09.16"]
[SourceQuality "1"]

1. c4 Nf6 2. Nc3 e6 3. g3 d5 4. d4 b6 5. Bg2 Bb7 6. cxd5 exd5 7. Nf3 Be7 8. O-O
O-O 9. Bf4 c6 10. Rc1 Nbd7 11. Nh4 Nh5 12. Nf5 Nxf4 13. Nxe7+ Qxe7 14. gxf4 f5
15. Qd3 Rf6 16. Nxd5 cxd5 17. Rc7 Qd6 18. Rxb7 Qc6 19. Rc7 Qxc7 20. Bxd5+ Kh8
21. Bxa8 Qxf4 22. Qe3 Qg4+ 23. Kh1 f4 24. Qf3 Qe6 25. Bd5 Qf5 26. Rc1 g6 27.
Qe4 Qxe4+ 28. Bxe4 Rd6 29. Rc8+ Kg7 30. Rc7 Kf6 31. Rc6 Rxc6 32. Bxc6 Nb8 33.
Be4 Na6 34. Kg2 h6 35. Kf3 g5 36. Kg4 Nb4 37. a3 Na2 38. Bc2 b5 39. e4 fxe3 40.
fxe3 b4 41. e4 bxa3 42. e5+ Ke7 43. bxa3 Nc3 44. a4 Ne2 45. d5 Nc3 46. Bb3 Ne2
47. h4 Nd4 48. Bd1 gxh4 49. Kxh4 Nf5+ 50. Kh5 Ne3 51. Bf3 Nc4 52. e6 Nb6 53. a5
Nc4 54. a6 Nd2 55. Bg2 Nb3 56. Bf1 Nc5 57. Bc4 Na4 58. Kxh6 Nb6 59. Bb3 Nc8 60.
Kg5 Nd6 61. Ba2 Nc8 62. Kf5 Nd6+ 63. Ke5 Nb5 64. Bc4 Nd6 65. Bd3 Nc8 66. Bb5
Nd6 67. Bd7 Nc4+ 68. Kd4 Nb6 69. Bc6 Kd6 70. Ke4 Nc8 71. Kf5 Ke7 72. Ke5 Nd6
73. Kd4 Nc8 74. Kc5 Nb6 75. Bb7 Na4+ 76. Kc6 Nb6 77. Kc7 Nc4 78. Bc6 Nd6 79.
Kb8 Kd8 80. Kxa7 Kc7 81. Bb7 Ne8 82. Ka8 Nd6 83. e7 1-0

[Event "SF Telgte 1 - SC Rochade Emsdetten 2"]
[Site "Verbandsliga 2017/2018"]
[Date "2017.09.09"]
[Round "1.3"]
[White "Delere, Adrian"]
[Black "Kuhlenbäumer, Alfred"]
[Result "1/2-1/2"]
[WhiteElo "1880"]
[BlackElo "1874"]
[PlyCount "53"]
[EventDate "2017.??.??"]
[SourceTitle "Verband Muensterland"]
[SourceDate "2017.09.16"]
[SourceVersion "1"]
[SourceVersionDate "2017.09.16"]
[SourceQuality "1"]

1. e4 c6 2. d4 d5 3. Nc3 dxe4 4. Nxe4 Bf5 5. Ng3 Bg6 6. N1e2 e6 7. Nf4 Be7 8.
Nxg6 hxg6 9. c3 Qc7 10. Bd3 Nd7 11. Be3 Ndf6 12. Qf3 Bd6 13. h3 Ne7 14. O-O-O
O-O-O 15. Bg5 Qa5 16. Bxf6 gxf6 17. Ne4 f5 18. Nxd6+ Rxd6 19. Kb1 Rd7 20. Bc4
Nd5 21. Rd2 Nb6 22. Bd3 Nd5 23. Rhd1 Qb6 24. Bc2 Rhd8 25. Bb3 Nf6 26. Bc2 Nd5
27. Bb3 1/2-1/2

[Event "SF Telgte 1 - SC Rochade Emsdetten 2"]
[Site "Verbandsliga 2017/2018"]
[Date "2017.09.09"]
[Round "1.4"]
[White "Esser, Peter"]
[Black "Nöring, Andreas"]
[Result "1/2-1/2"]
[WhiteElo "1749"]
[BlackElo "1847"]
[PlyCount "39"]
[EventDate "2017.??.??"]
[SourceTitle "Verband Muensterland"]
[SourceDate "2017.09.16"]
[SourceVersion "1"]
[SourceVersionDate "2017.09.16"]
[SourceQuality "1"]

1. e4 e5 2. Nf3 Nf6 3. Nc3 Nc6 4. Bc4 Bc5 5. d3 h6 6. Be3 Bxe3 7. fxe3 d6 8.
Qe2 Qe7 9. Nd5 Nxd5 10. exd5 Na5 11. Bb5+ c6 12. dxc6 Nxc6 13. e4 Bd7 14. c3
O-O 15. O-O f5 16. Bc4+ Be6 17. Bxe6+ Qxe6 18. exf5 Rxf5 19. a3 Raf8 20. Nd2
1/2-1/2

[Event "SF Telgte 1 - SC Rochade Emsdetten 2"]
[Site "Verbandsliga 2017/2018"]
[Date "2017.09.09"]
[Round "1.5"]
[White "Hedwig, Johannes"]
[Black "Dieckmann, Werner"]
[Result "1-0"]
[WhiteElo "1787"]
[BlackElo "1803"]
[PlyCount "71"]
[EventDate "2017.??.??"]
[SourceTitle "Verband Muensterland"]
[SourceDate "2017.09.16"]
[SourceVersion "1"]
[SourceVersionDate "2017.09.16"]
[SourceQuality "1"]

1. e4 e6 2. d4 d5 3. exd5 exd5 4. Nf3 Nf6 5. Bd3 Be7 6. O-O O-O 7. c3 Bg4 8.
Bf4 Nbd7 9. Nbd2 c6 10. Qc2 Re8 11. Rfe1 Nf8 12. Ne5 Ng6 13. Nxg6 hxg6 14. h3
Bd7 15. Nf3 Qc8 16. Re3 Bf5 17. Bxf5 Qxf5 18. Qxf5 gxf5 19. Nh4 g6 20. Bg5 Ne4
21. Bxe7 Rxe7 22. f3 f4 23. Ree1 Rae8 24. fxe4 dxe4 25. g3 fxg3 26. Re3 Re6 27.
Rxg3 e3 28. Re1 e2 29. Kf2 Kh7 30. Nf3 Kh6 31. Ng1 f5 32. Rxe2 f4 33. Rg4 g5
34. Rxe6+ Rxe6 35. Nf3 Rg6 36. h4 1-0

[Event "SF Telgte 1 - SC Rochade Emsdetten 2"]
[Site "Verbandsliga 2017/2018"]
[Date "2017.09.09"]
[Round "1.6"]
[White "Stephan, Matthias"]
[Black "Hemmers, Dieter"]
[Result "0-1"]
[WhiteElo "1602"]
[BlackElo "1816"]
[PlyCount "52"]
[EventDate "2017.??.??"]
[SourceTitle "Verband Muensterland"]
[SourceDate "2017.09.16"]
[SourceVersion "1"]
[SourceVersionDate "2017.09.16"]
[SourceQuality "1"]

1. d4 Nf6 2. c4 g6 3. Bg5 Ne4 4. Bf4 Bg7 5. Nc3 Nxc3 6. bxc3 c5 7. e3 O-O 8.
Nf3 Nc6 9. Be2 d5 10. cxd5 Qxd5 11. c4 Qd8 12. O-O cxd4 13. Nxd4 Nxd4 14. exd4
Qxd4 15. Qxd4 Bxd4 16. Rad1 e5 17. Bh6 Re8 18. Bf3 Rb8 19. Rfe1 Be6 20. g3 Bxc4
21. Bxb7 Bxa2 22. Bc6 Red8 23. Kg2 Bb3 24. Rc1 Be6 25. Bg5 Rdc8 26. Bf6 Rxc6
0-1

[Event "SF Telgte 1 - SC Rochade Emsdetten 2"]
[Site "Verbandsliga 2017/2018"]
[Date "2017.09.09"]
[Round "1.7"]
[White "Wehmeier, Sven"]
[Black "Schomaker, Günther"]
[Result "1-0"]
[WhiteElo "1768"]
[BlackElo "1641"]
[PlyCount "79"]
[EventDate "2017.??.??"]
[SourceTitle "Verband Muensterland"]
[SourceDate "2017.09.16"]
[SourceVersion "1"]
[SourceVersionDate "2017.09.16"]
[SourceQuality "1"]

1. e4 c5 2. Nf3 Nc6 3. d4 cxd4 4. Nxd4 g6 5. Nxc6 bxc6 6. Qd4 f6 7. Bc4 Bg7 8.
Bxg8 Rxg8 9. O-O Qb6 10. Qd2 f5 11. exf5 Bxb2 12. Bxb2 Qxb2 13. Nc3 gxf5 14.
Rfe1 Qb4 15. Rxe7+ Qxe7 16. Re1 Rg7 17. Rxe7+ Rxe7 18. g3 d5 19. Na4 Be6 20.
Qc3 Rc8 21. Nc5 Kf7 22. Qf3 Rg8 23. Qh5+ Kf6 24. Qh4+ Kf7 25. Qxh7+ Rg7 26.
Qh5+ Kf6 27. Qh4+ Kf7 28. Nd3 Bd7 29. Qf4 Kf6 30. Qd6+ Re6 31. Qf8+ Rf7 32.
Qd8+ Kg7 33. f4 Re8 34. Qg5+ Kf8 35. Ne5 Rxe5 36. fxe5 Ke8 37. h4 c5 38. h5 d4
39. Kf2 Be6 40. h6 1-0

[Event "SF Telgte 1 - SC Rochade Emsdetten 2"]
[Site "Verbandsliga 2017/2018"]
[Date "2017.09.09"]
[Round "1.8"]
[White "Uekötter, Klemens"]
[Black "Fehlings, Gerd"]
[Result "0-1"]
[WhiteElo "1613"]
[BlackElo "1754"]
[PlyCount "44"]
[EventDate "2017.??.??"]
[SourceTitle "Verband Muensterland"]
[SourceDate "2017.09.16"]
[SourceVersion "1"]
[SourceVersionDate "2017.09.16"]
[SourceQuality "1"]

1. e4 e6 2. d4 d5 3. Nd2 c5 4. c3 Nc6 5. Ngf3 cxd4 6. exd5 Qxd5 7. Bc4 Qh5 8.
Ne4 dxc3 9. Nxc3 Bb4 10. Bd2 Nf6 11. Nb5 Bxd2+ 12. Qxd2 O-O 13. O-O Rd8 14. Qe3
a6 15. Nc3 Nd5 16. Bxd5 exd5 17. Rfd1 Bg4 18. Re1 Bxf3 19. Qxf3 Qxf3 20. gxf3
Nd4 21. Red1 Nxf3+ 22. Kg2 d4 0-1

[Event "TV Borken 1 - SK Dülmen 1"]
[Site "Verbandsliga 2017/2018"]
[Date "2017.09.09"]
[Round "1.2"]
[White "Beckmann, David"]
[Black "Grund, Wolfgang"]
[Result "0-1"]
[WhiteElo "2001"]
[BlackElo "1859"]
[PlyCount "78"]
[EventDate "2017.??.??"]
[SourceTitle "Verband Muensterland"]
[SourceDate "2017.09.16"]
[SourceVersion "1"]
[SourceVersionDate "2017.09.16"]
[SourceQuality "1"]

1. Nf3 d5 2. c4 d4 3. b4 g6 4. Bb2 Bg7 5. d3 e5 6. g3 Ne7 7. Bg2 O-O 8. O-O c6
9. Na3 Bg4 10. Rb1 Nd7 11. Nc2 b6 12. h3 Bxf3 13. Bxf3 Rc8 14. a4 f5 15. c5
bxc5 16. bxc5 Nxc5 17. Ba3 Ne6 18. Rb7 Rc7 19. Qb1 Rf7 20. Qb3 Qd7 21. Rxc7
Nxc7 22. Bxe7 Qxe7 23. Bxc6 Qc5 24. Bg2 Bf8 25. Rb1 Kg7 26. Ne1 h5 27. Nf3 Rd7
28. Ng5 Qe7 29. h4 Kf6 30. Qg8 Bh6 31. Bc6 Qg7 32. Qc8 Re7 33. Nf3 Qf8 34. Qb7
Nd5 35. Bxd5 Rxb7 36. Rxb7 e4 37. Rf7+ Qxf7 38. Bxf7 exf3 39. e3 dxe3 0-1

[Event "TV Borken 1 - SK Dülmen 1"]
[Site "Verbandsliga 2017/2018"]
[Date "2017.09.09"]
[Round "1.3"]
[White "Nolting, Bodo"]
[Black "Schroer, Klaus"]
[Result "0-1"]
[WhiteElo "1722"]
[BlackElo "1990"]
[PlyCount "36"]
[EventDate "2017.??.??"]
[SourceTitle "Verband Muensterland"]
[SourceDate "2017.09.16"]
[SourceVersion "1"]
[SourceVersionDate "2017.09.16"]
[SourceQuality "1"]

1. e4 e5 2. Nf3 Nc6 3. d4 exd4 4. Bc4 Bc5 5. c3 d6 6. cxd4 Bb6 7. h3 Nf6 8. Nc3
Nxe4 9. O-O O-O 10. Nxe4 d5 11. Neg5 dxc4 12. Qc2 g6 13. Qxc4 Nxd4 14. Ne5 Qf6
15. Ng4 Bxg4 16. hxg4 Rae8 17. Be3 Ne2+ 18. Qxe2 Qxg5 0-1

[Event "TV Borken 1 - SK Dülmen 1"]
[Site "Verbandsliga 2017/2018"]
[Date "2017.09.09"]
[Round "1.4"]
[White "Vijayakumaran, Vithoosan"]
[Black "Rebber, Christian"]
[Result "1-0"]
[WhiteElo "1715"]
[BlackElo "1857"]
[PlyCount "61"]
[EventDate "2017.??.??"]
[SourceTitle "Verband Muensterland"]
[SourceDate "2017.09.16"]
[SourceVersion "1"]
[SourceVersionDate "2017.09.16"]
[SourceQuality "1"]

1. c4 c5 2. g3 Nf6 3. Bg2 d5 4. cxd5 Nxd5 5. Nc3 e6 6. Nxd5 exd5 7. Qb3 Nc6 8.
Qxd5 Qc7 9. Qb3 Nd4 10. Qd1 Bf5 11. d3 c4 12. Nf3 Nxf3+ 13. Bxf3 Bb4+ 14. Bd2
Bxd2+ 15. Qxd2 cxd3 16. exd3 O-O 17. O-O Rad8 18. d4 Qb6 19. Rfd1 Rd6 20. Rac1
Rfd8 21. Qg5 Be6 22. d5 f6 23. Qf4 Bf7 24. b3 g5 25. Qc4 f5 26. Qc7 Qa6 27. Qe7
g4 28. Rc7 Rf8 29. Be2 Qxa2 30. Qxd6 Qxe2 31. Rdc1 1-0

[Event "TV Borken 1 - SK Dülmen 1"]
[Site "Verbandsliga 2017/2018"]
[Date "2017.09.09"]
[Round "1.5"]
[White "Lödding, Detlef"]
[Black "Farwick, Christian"]
[Result "1/2-1/2"]
[WhiteElo "1864"]
[BlackElo "1827"]
[PlyCount "53"]
[EventDate "2017.??.??"]
[SourceTitle "Verband Muensterland"]
[SourceDate "2017.09.16"]
[SourceVersion "1"]
[SourceVersionDate "2017.09.16"]
[SourceQuality "1"]

1. c4 c5 2. e3 Nf6 3. Nf3 e6 4. d4 cxd4 5. exd4 d5 6. Nc3 Be7 7. Be2 O-O 8. O-O
a6 9. Re1 dxc4 10. Bxc4 b5 11. Bd3 Bb7 12. Ne5 b4 13. Ne2 Bd5 14. Bc2 Nbd7 15.
Nf4 Bb7 16. Nxf7 Rxf7 17. Nxe6 Qb6 18. Ng5 Bd5 19. Nxf7 Kxf7 20. Bb3 Qb7 21.
Bg5 Re8 22. Rc1 Bxb3 23. Qxb3+ Qd5 24. Qxd5+ Nxd5 25. Bxe7 Rxe7 26. Rxe7+ Kxe7
27. g3 1/2-1/2

[Event "TV Borken 1 - SK Dülmen 1"]
[Site "Verbandsliga 2017/2018"]
[Date "2017.09.09"]
[Round "1.6"]
[White "Rickert, Berthold"]
[Black "Tecklenborg, Georg"]
[Result "1/2-1/2"]
[WhiteElo "1727"]
[BlackElo "1781"]
[PlyCount "87"]
[EventDate "2017.??.??"]
[SourceTitle "Verband Muensterland"]
[SourceDate "2017.09.16"]
[SourceVersion "1"]
[SourceVersionDate "2017.09.16"]
[SourceQuality "1"]

1. c4 e6 2. Nc3 d5 3. d4 f5 4. Nf3 Nf6 5. a3 c6 6. Bf4 Be7 7. e3 O-O 8. Be2 Ne4
9. h3 Nd7 10. O-O Bf6 11. Nd2 Qe7 12. Rc1 g5 13. Bh2 Nxc3 14. Rxc3 c5 15. Nb3
b6 16. Rc2 Bb7 17. Bf3 Rad8 18. Re1 dxc4 19. Rxc4 Bd5 20. Bxd5 exd5 21. Rc2 c4
22. Nd2 Rfe8 23. Nf3 h6 24. Rc1 b5 25. Bg3 a5 26. Qc2 Qe6 27. h4 g4 28. Nd2 Ra8
29. f3 gxf3 30. Nxf3 b4 31. Bf4 Kh7 32. Qf2 Rg8 33. Kh1 Rg4 34. Rg1 Rag8 35.
axb4 axb4 36. Ra1 Qe7 37. g3 Qe4 38. Rg2 c3 39. bxc3 bxc3 40. Ra7 R8g7 41. Rc7
Nb6 42. Rxc3 Nc4 43. Rc1 Rb7 44. Nd2 1/2-1/2

[Event "TV Borken 1 - SK Dülmen 1"]
[Site "Verbandsliga 2017/2018"]
[Date "2017.09.09"]
[Round "1.7"]
[White "Eiersbrock, Marko"]
[Black "Bohn, Andreas"]
[Result "1/2-1/2"]
[WhiteElo "1858"]
[BlackElo "1829"]
[PlyCount "28"]
[EventDate "2017.??.??"]
[SourceTitle "Verband Muensterland"]
[SourceDate "2017.09.16"]
[SourceVersion "1"]
[SourceVersionDate "2017.09.16"]
[SourceQuality "1"]

1. d4 d5 2. Nf3 e6 3. c4 c6 4. Nc3 Nf6 5. e3 Be7 6. Bd3 O-O 7. O-O Nbd7 8. b3
b6 9. Bb2 Bb7 10. Rc1 h6 11. Bb1 Re8 12. Ne5 Nf8 13. c5 bxc5 14. dxc5 Qc7
1/2-1/2

[Event "TV Borken 1 - SK Dülmen 1"]
[Site "Verbandsliga 2017/2018"]
[Date "2017.09.09"]
[Round "1.8"]
[White "Wagner, Nils-Frederic"]
[Black "Liebing, Ingo"]
[Result "1/2-1/2"]
[WhiteElo "1734"]
[BlackElo "1772"]
[PlyCount "28"]
[EventDate "2017.??.??"]
[SourceTitle "Verband Muensterland"]
[SourceDate "2017.09.16"]
[SourceVersion "1"]
[SourceVersionDate "2017.09.16"]
[SourceQuality "1"]

1. c4 e5 2. g3 f5 3. Bg2 Nf6 4. Nc3 Nc6 5. d3 Bb4 6. Bd2 Bxc3 7. Bxc3 d5 8.
cxd5 Nxd5 9. Qb3 Nxc3 10. bxc3 Qd6 11. Nh3 h6 12. O-O g5 13. f4 exf4 14. gxf4
g4 1/2-1/2

[Event "SF Olfen 1 - SK Münster 4"]
[Site "Verbandsliga 2017/2018"]
[Date "2017.09.09"]
[Round "1.1"]
[White "Jansen, Dirk"]
[Black "Koke, Christoph"]
[Result "1/2-1/2"]
[WhiteElo "1955"]
[BlackElo "2075"]
[PlyCount "56"]
[EventDate "2017.??.??"]
[SourceTitle "Verband Muensterland"]
[SourceDate "2017.09.16"]
[SourceVersion "1"]
[SourceVersionDate "2017.09.16"]
[SourceQuality "1"]

1. c4 c6 2. g3 Nf6 3. Bg2 d5 4. Nf3 g6 5. cxd5 cxd5 6. d4 Bg7 7. Nc3 Ne4 8. Qb3
Nxc3 9. bxc3 Nc6 10. Nd2 e6 11. e4 Na5 12. Qa3 Bf8 13. Qb2 a6 14. O-O Be7 15.
exd5 exd5 16. Nf3 O-O 17. Ne5 Re8 18. Re1 Be6 19. Nd3 Rc8 20. Nf4 Qd7 21. Nxe6
fxe6 22. Bf4 Rc6 23. Re2 Nc4 24. Qb3 Rb6 25. Qd1 Rc8 26. Rb1 Rcc6 27. Bh3 Kf7
28. Rxb6 Rxb6 1/2-1/2

[Event "SF Olfen 1 - SK Münster 4"]
[Site "Verbandsliga 2017/2018"]
[Date "2017.09.09"]
[Round "1.2"]
[White "Bösel, Alexander"]
[Black "Schöpper, Oliver"]
[Result "1-0"]
[WhiteElo "1997"]
[BlackElo "1816"]
[PlyCount "39"]
[EventDate "2017.??.??"]
[SourceTitle "Verband Muensterland"]
[SourceDate "2017.09.16"]
[SourceVersion "1"]
[SourceVersionDate "2017.09.16"]
[SourceQuality "1"]

1. e4 Nf6 2. e5 Nd5 3. Bc4 e6 4. Nf3 d6 5. O-O dxe5 6. Nxe5 Nb6 7. Bb3 Bd6 8.
Re1 c5 9. c3 Qc7 10. d4 Nc6 11. Qg4 Nxe5 12. dxe5 Bxe5 13. Qh5 Bf6 14. Bxe6 O-O
15. Bb3 Bd7 16. Nd2 g6 17. Qf3 Rae8 18. Rxe8 Rxe8 19. Qxf6 Re1+ 20. Nf1 1-0

[Event "SF Olfen 1 - SK Münster 4"]
[Site "Verbandsliga 2017/2018"]
[Date "2017.09.09"]
[Round "1.4"]
[White "Pinno, Gregor"]
[Black "Sokolowski, Cyril"]
[Result "1-0"]
[WhiteElo "1776"]
[BlackElo "1725"]
[PlyCount "85"]
[EventDate "2017.??.??"]
[SourceTitle "Verband Muensterland"]
[SourceDate "2017.09.16"]
[SourceVersion "1"]
[SourceVersionDate "2017.09.16"]
[SourceQuality "1"]

1. Nf3 Nf6 2. g3 d5 3. Bg2 Bf5 4. O-O Nbd7 5. d3 e6 6. Nbd2 Be7 7. Re1 O-O 8.
e4 dxe4 9. dxe4 Bg6 10. a3 Nb6 11. Qe2 c6 12. e5 Nfd5 13. c4 Nc7 14. Ne4 Na6
15. b4 c5 16. b5 Nb8 17. a4 Qc7 18. Bf4 N8d7 19. Red1 Rfd8 20. a5 Nc8 21. h4
Nf8 22. Rxd8 Qxd8 23. a6 Rb8 24. Rd1 Qa5 25. axb7 Rxb7 26. Nd6 Rb8 27. Ng5 h6
28. Nge4 Qc7 29. h5 Bh7 30. Qf3 Nd7 31. Ne8 Qd8 32. N8f6+ gxf6 33. Nxf6+ Bxf6
34. exf6 Qf8 35. Rxd7 Nb6 36. Bxb8 Nxd7 37. Bxa7 Bf5 38. g4 Bc2 39. b6 Qd6 40.
b7 Kh7 41. Qg3 e5 42. Bd5 Bd1 43. Qd3+ 1-0